<?xml version="1.0" encoding="UTF-8"?><?xml-stylesheet type="text/xsl" href="static/style.xsl"?><OAI-PMH xmlns="http://www.openarchives.org/OAI/2.0/" xmlns:xsi="http://www.w3.org/2001/XMLSchema-instance" xsi:schemaLocation="http://www.openarchives.org/OAI/2.0/ http://www.openarchives.org/OAI/2.0/OAI-PMH.xsd"><responseDate>2026-04-28T19:51:25Z</responseDate><request verb="GetRecord" identifier="oai:uvadoc.uva.es:10324/63236" metadataPrefix="marc">https://uvadoc.uva.es/oai/request</request><GetRecord><record><header><identifier>oai:uvadoc.uva.es:10324/63236</identifier><datestamp>2025-02-21T12:49:26Z</datestamp><setSpec>com_10324_2555</setSpec><setSpec>col_10324_2559</setSpec></header><metadata><record xmlns="http://www.loc.gov/MARC21/slim" xmlns:doc="http://www.lyncode.com/xoai" xmlns:xsi="http://www.w3.org/2001/XMLSchema-instance" xmlns:dcterms="http://purl.org/dc/terms/" xsi:schemaLocation="http://www.loc.gov/MARC21/slim http://www.loc.gov/standards/marcxml/schema/MARC21slim.xsd">
<leader>00925njm 22002777a 4500</leader>
<datafield tag="042" ind1=" " ind2=" ">
<subfield code="a">dc</subfield>
</datafield>
<datafield tag="720" ind1=" " ind2=" ">
<subfield code="a">Morales Velazquez, Luis</subfield>
<subfield code="e">author</subfield>
</datafield>
<datafield tag="260" ind1=" " ind2=" ">
<subfield code="c">2023</subfield>
</datafield>
<datafield tag="520" ind1=" " ind2=" ">
<subfield code="a">Los sistemas de señal mixta implican el tratamiento simultáneo de señales analógicas y digitales, por lo que están sujetos a estrictas consideraciones de diseño. Revisaremos el ejemplo de un sistema de adquisición de datos, analizando los principios de diseño de hardware y software en su implementación. Comentamos a cerca de los tips de diseño en la selección de componentes, trazo de pistas, ubicación de componentes, aislamiento, filtros, entre otros. Conoceremos también, detalles del proceso de fabricación y ensamble de tarjetas de circuito impreso (PCB) que impactan en el desempeño del sistema.</subfield>
</datafield>
<datafield tag="024" ind2=" " ind1="8">
<subfield code="a">https://uvadoc.uva.es/handle/10324/63236</subfield>
</datafield>
<datafield tag="245" ind1="0" ind2="0">
<subfield code="a">Diseño de sistemas de señal mixta para la adquisición de datos</subfield>
</datafield>
</record></metadata></record></GetRecord></OAI-PMH>